|
|
|
|
| LEADER |
00607cam a2200181 7i4500 |
| 001 |
0000029400 |
| 005 |
20130411090000.0 |
| 020 |
0 |
0 |
|a 9789832992073
|
| 090 |
0 |
0 |
|a B 338.0409595092
|b GOF
|
| 245 |
0 |
0 |
|a Go for broke ! :
|b tales of technopreneurship.
|
| 260 |
0 |
0 |
|a Petaling Jaya:
|b GoodBasic,
|c [2008].
|
| 300 |
# |
# |
|a 174 p.
|
| 650 |
0 |
0 |
|a New business enterprises --
|z Malaysia
|
| 650 |
0 |
0 |
|a Entrepreneurship --
|x Biography --
|z Malaysia
|
| 650 |
0 |
0 |
|a Small business --
|x Technological innovations --
|z Malaysia
|
| 651 |
0 |
0 |
|a Malaysia
|
| 700 |
1 |
0 |
|a Oon,
|h Yeoh
|
| 999 |
|
|
|a 0000032037
|b Book
|c Book
|e Business Information Centre
|